00504nam a2200205Ia 4500003000400000005001700004008004100021020002200062040000700084041000800091082001600099100001900115245004200134250000600176260004100182300002000223365001800243650001400261650002300275OSt20230511115252.0210423s2006 xx 000 0 und d a978-0-471-70058-6 cAL aeng a541.37 BAGF aBAGOTSKY (V S) aFundamentals of electrochemistry Ed 2 a2 aNew JerseybWiley Intersciencec2006 axxviii,722pbHB b11295.99cUSD aChemistry aPhysical Chemistry